Faculty of Law Library — Cairo University

Official Online Catalog

أسرار حركة الضباط الأحرار والإخوان المسلمين / (Record no. 62827)

MARC details
000 -LEADER
fixed length control field 01281nam a2200325 i 4500
003 - CONTROL NUMBER IDENTIFIER
control field EG-GICUC
005 - DATE AND TIME OF LATEST TRANSACTION
control field 20260212153238.0
008 - FIXED-LENGTH DATA ELEMENTS--GENERAL INFORMATION
fixed length control field 260212s19851405ua ||||fr|||| 00| 0 ara d
017 ## - COPYRIGHT OR LEGAL DEPOSIT NUMBER
Copyright or legal deposit number 85/3751
040 ## - CATALOGING SOURCE
Original cataloging agency EG-GICUC
Language of cataloging ara
Transcribing agency EG-GICUC
Modifying agency EG-GICUC
Description conventions rda
041 ## - LANGUAGE CODE
Language code of text/sound track or separate title ara
082 04 - DEWEY DECIMAL CLASSIFICATION NUMBER
Edition number 21
Classification number 343.93
Item number ح س . أ
092 04 - LOCALLY ASSIGNED DEWEY CALL NUMBER (OCLC)
Edition number 21
099 ## - LOCAL FREE-TEXT CALL NUMBER (OCLC)
Classification number Law1 10 343.93 ح س . أ 1 ed - 1985
100 0# - MAIN ENTRY--PERSONAL NAME
Personal name حسين محمد أحمد حمودة
Relator term مؤلف.
245 10 - TITLE STATEMENT
Title أسرار حركة الضباط الأحرار والإخوان المسلمين /
Statement of responsibility, etc. بقلم حسين محمد أحمد حمودة.
250 ## - EDITION STATEMENT
Edition statement الطبعة الأولى،
Remainder of edition statement ه1405 - 1985م.
264 #1 - PRODUCTION, PUBLICATION, DISTRIBUTION, MANUFACTURE, AND COPYRIGHT NOTICE
Place of production, publication, distribution, manufacture القاهرة :
Name of producer, publisher, distributor, manufacturer الزهراء للإعلام العربى،
Date of production, publication, distribution, manufacture, or copyright notice 1985.
300 ## - PHYSICAL DESCRIPTION
Extent 223 صفحة ;
Dimensions 24 سم.
336 ## - CONTENT TYPE
Source rda content
Content type term text
337 ## - MEDIA TYPE
Source rda media
Media type term Computer
338 ## - CARRIER TYPE
Source rda carrier
Carrier type term Online Resource
505 ## - FORMATTED CONTENTS NOTE
Formatted contents note صفحات من تاريخ مصر الفترة من 4 فبراير 1942 وحتى 6 أكتوبر 1981.
546 ## - LANGUAGE NOTE
Language note النص باللغة العربية
650 1# - SUBJECT ADDED ENTRY--TOPICAL TERM
Topical term or geographic name entry element القانون الجنائي
650 1# - SUBJECT ADDED ENTRY--TOPICAL TERM
Topical term or geographic name entry element علم السياسة الجنائية
856 40 - ELECTRONIC LOCATION AND ACCESS
Uniform Resource Identifier <a href="https://fll.law.cu.edu.eg/fulltext/bks/B10-08560.pdf">https://fll.law.cu.edu.eg/fulltext/bks/B10-08560.pdf</a>
905 ## - Cataloger and Reviser Names
Cataloger Name: Gomana
942 ## - ADDED ENTRY ELEMENTS (KOHA)
Source of classification or shelving scheme Dewey Decimal Classification
Suppress in OPAC No
Koha item type Books
Edition 21
Holdings
Withdrawn status Lost status Source of classification or shelving scheme Damaged status Not for loan Collection Home library Current library Date acquired Total checkouts Full call number Barcode Date last seen Copy number Price effective from Koha item type
    Dewey Decimal Classification   Not for loan القانون الجنائي جــــامعة القــاهرة مكتبة كلية الحقوق - المبنى الرئيسي 12.02.2026   Law1 10 343.93 ح س . أ 1 ed - 1985 1008560 C1 B10-08560 12.02.2026 1 12.02.2026 Books

© All rights reserved — Faculty of Law, Cairo University